000 00516nam a2200181 i 4500
001 55548
003 ES-MaACL
005 20230906163152.0
007 t|
008 030923s1985 sp ||||1| spa d
020 _a84-234-0607-5
100 1 _aDesaunay, Guy.
_943823
245 1 0 _aCómo tratar eficazmente con el jefe /
_cGuy Desaunay ; traducción, Diorki traductores.
260 _aBilbao :
_bDeusto,
_c[1985]
300 _a132 p. ;
_c24 cm.
710 2 _aDiorki.
_93392
852 _aES-MaACL
_jL-9613
_bR.111182
999 _c55548
_d55548